Cyclic crack growth measurement using split-tear test-piece (Record no. 56690)
[ view plain ]
| 000 -LEADER | |
|---|---|
| fixed length control field | 01626nam a2200265Ia 4500 |
| 100 ## - MAIN ENTRY--AUTHOR NAME | |
| Personal name | Samsuri Azemi |
| 245 #0 - TITLE STATEMENT | |
| Title | Cyclic crack growth measurement using split-tear test-piece |
| 260 ## - PUBLICATION, DISTRIBUTION, ETC. (IMPRINT) | |
| Name of publisher | Journal of Rubber Research |
| Year of publication | 2004 |
| 300 ## - PHYSICAL DESCRIPTION | |
| Number of Pages | 115-126 |
| 520 ## - SUMMARY, ETC. | |
| Summary, etc | A cyclic crack growth machine using the split-tear test-piece was developed to avoid forking at the tip of the tear normally encountered with the conventional test-pieces especially those prepared from black-filled vulcanisates. A small strain was applied in simple extension and cyclic stressing was applied in the transverse direction so that the crack grew in the direction of the applied strain. The experimental results agreed with those results published by Lake et al. when cyclic crack growth rate (dc/dN) was plotted against tearing energy. Thus the experimental results provided further experimental evidence that tearing energy was a measure of true crack growth resistance independent of test-piece geometry. It was found also that there was no problem of forking for both unfilled and black-filled vulcanisates. By applying different strains, the effect of anisotropy was investigated. It was found that the tearing energy decreased as the applied strain was increased. |
| 650 ## - SUBJECT ADDED ENTRY--TOPICAL TERM | |
| Topical Term | Anisotropy |
| 650 ## - SUBJECT ADDED ENTRY--TOPICAL TERM | |
| Topical Term | Black-filled |
| 650 ## - SUBJECT ADDED ENTRY--TOPICAL TERM | |
| Topical Term | Crack growth |
| 650 ## - SUBJECT ADDED ENTRY--TOPICAL TERM | |
| Topical Term | Cyclic |
| 650 ## - SUBJECT ADDED ENTRY--TOPICAL TERM | |
| Topical Term | Resistance |
| 650 ## - SUBJECT ADDED ENTRY--TOPICAL TERM | |
| Topical Term | Split |
| 650 ## - SUBJECT ADDED ENTRY--TOPICAL TERM | |
| Topical Term | Strain |
| 650 ## - SUBJECT ADDED ENTRY--TOPICAL TERM | |
| Topical Term | Tear |
| 650 ## - SUBJECT ADDED ENTRY--TOPICAL TERM | |
| Topical Term | Test-piece |
| 650 ## - SUBJECT ADDED ENTRY--TOPICAL TERM | |
| Topical Term | Unfilled |
| 650 ## - SUBJECT ADDED ENTRY--TOPICAL TERM | |
| Topical Term | Vulcanisates |
| 700 ## - ADDED ENTRY--PERSONAL NAME | |
| Personal name | Piah Mohd Bijarimi Mat |
| 942 ## - ADDED ENTRY ELEMENTS (KOHA) | |
| Koha item type | Journals |
| Withdrawn status | Lost status | Damaged status | Not for loan | Home library | Current library | Shelving location | Date acquired | Serial Enumeration / chronology | Koha item type |
|---|---|---|---|---|---|---|---|---|---|
| Journals | RRII Library | RRII Library | Rubber chemistry | 17/12/2021 | Volume 7, Issue 2 | Journals |